| 000 | 00585nam a2200145Ia 4500 | ||
|---|---|---|---|
| 008 | 170221s9999 xx 000 0 und d | ||
| 100 | _aOl'ga Nikolaevna Soboleva | ||
| 245 | _aFactors Affecting Innovations Development in Priority Industries of a Region | ||
| 245 | _cOl'ga Nikolaevna Soboleva, Tat'jana Alekseevna Burtseva, Aleksej Anatol'evich Nabokih, Anna Vladimirovna Shpengler | ||
| 260 | _bInternational Review of Management and Marketing | ||
| 260 | _c2012 | ||
| 300 | _a2 : 1 | ||
| 650 | _xMarketing. | ||
| 856 | _uhttp://www.econjournals.com/index.php/irmm/issue/view/83 | ||
| 999 |
_c313944 _d313944 |
||